00331nam a2200121Ia 4500008004100000020001800041041000800059082002800067100003200095245002800127260004500155300000900200230411s9999 xx 000 0 und d a0 7216 6492 X aeng aF/610.73/VAU/JOB/B05026 aVaughan Beth & Jobnson Mary aFamily Nursing Practice bW B Saunders CompanyaPhiladelphiac1998 a368p